Історія України: від середини ХVII ст. до 1923 року (Запис № 323099)

МАРК-запис
000 -Лідер
fixed length control field 00790nam a22002657a 4500
001 - Контрольний номер
control field 36868
003 - Ідентифікатор контрольного номера
control field UA-OsUOA
005 - Дата та час останнього входження (трансакції)
control field 20210720154712.0
007 - Фіксоване поле фізичного опису
fixed length control field ta
008 - Елементи даних фіксованої довжини – загальна інформація
fixed length control field 20060216b un ||||| |||| 00| 0 ukr d
020 ## - Міжнародний стандартний книжковий номер (ISBN)
Міжнародний стандартний книжковий номер (ISBN) (НП) 5325005898
040 ## - Джерело каталогізації
Агенція оригінальної каталогізації UA-OsUOA
Мова каталогізації ukr
Агенція, яка здійснювала перезапис UA-OsUOA
Агенція, яка здійснювала модифікацію UA-OsUOA
041 ## - Код мови
Код мови тексту/ звукової доріжки чи окремого заголовка (П) ukr
080 ## - Індекс Універсальної десяткової класифікації
Індекс Універсальної десяткової класифікації (УДК) (НП) 94(477)
090 ## - Локальний шифр розміщення
Класифікаційний індекс УДК 94(477)
Авторський знак (НП) П52
100 ## - Основне введення – ім’я особи
Ім’я особи (НП) Полонська-Василенко Н.
245 ## - Відомості про назву
Назва (НП) Історія України: від середини ХVII ст. до 1923 року
260 ## - Публікація, розповсюдження і т.п. (Вихідні дані)
Місце публікації, розповсюдження і т.п. (П) К.
Ім’я/ наймення видавництва, розповсюджувача і т.п. (П) Либідь
Дата публікації, розповсюдження і т.п. (П) 1995
300 ## - Фізичний опис
Обсяг 606 с.
505 ## - Форматована примітка про зміст
Змішана інформація Т. 2
650 #7 - Додаткове предметне введення – тематичний термін
Тематичний термін чи географічна назва, як елемент введення (НП) 9 Географія. Біографії. Історія
Джерело заголовка чи терміна UDC
942 ## - Додаткові елементи входу (Коха)
Тип елемента Koha Книги
Source of classification or shelving scheme Universal Decimal Classification
955 ## - Код типу видання за змістом
Код типу видання за змістом (НП) Навчальні видання
Фонди
Стан вилучень Стан втрат Джерело класифікації або схеми стелажів Стан уражень Не для кредиту Постійне місце розташування Поточне розміщення Дата придбання Вартість, звичайна ціна покупки Послідовне перерахування / хронологія Інвентарний номер Повний номер виклику Штрих-код Дата останнього перегляду Ціна ефективна від Тип елемента Koha Джерело придбання
    Universal Decimal Classification     АБ - Абонемент НБ АБ - Абонемент НБ 16/02/2006 12.00 Т. 2 94890 94(477) П52 94890 21/01/2022 16/02/2006 Книги 14/2006
    Universal Decimal Classification     ЧЗ - Читальна зала ЧЗ - Читальна зала 17/01/2005 6.00 Т. 2 11865 94(477) П52 11865 07/02/2022 17/01/2005 Книги